| 000 | 03058nam0a2200385 4500 | ||
|---|---|---|---|
| 001 | RU\NLR\BIBL_A\012094159 | ||
| 005 | 20220125152516.0 | ||
| 010 |
_a978-5-9793-1389-4 _970 |
||
| 021 |
_aRU _bКН-П-19-058676 _9КН-П-19-4209 |
||
| 035 | _a(NLR Aleph) 012094159 | ||
| 035 | _a(RuMoRGB)010060989 | ||
| 090 |
_a11870146 _c11870146 |
||
| 100 | _a20190916d2019 k y0rusy50 ca | ||
| 101 | 0 |
_arus _aeng _deng |
|
| 102 | _aRU | ||
| 105 | _a |||z|||100zy | ||
| 200 | 1 |
_aСоциальная безопасность и социальная защита населения в современных условиях _eматериалы международной научно-практической конференции (Улан-Удэ, 7 июня 2019 г.) _fМинистерство социальной защиты населения Республики Бурятия, Бурятский государственный университет имени Доржи Банзарова, Монгольский государственный университет (Монголия), Монгольский государственный университет образования (Монголия) _g[редакционная коллегия: Н.С. Антонова, канд. социол. наук, доц. (отв. редактор) и др.] |
|
| 210 |
_aУлан-Удэ _cИзд-во Бурятского госуниверситета _d2019 |
||
| 215 |
_a250, [2] с. _cил., табл. _d25 |
||
| 300 | _aЧасть текста англ. | ||
| 320 | _aБиблиогр. в конце ст. | ||
| 606 | 1 |
_aСоциальная защита _yРоссийская Федерация _jСъезды, совещания и т.п _2nlr_sh1 _2nlr_sh2 _3RU\NLR\AUTH\661269588 |
|
| 686 | 1 | _aС550.473я431 | |
| 686 | 1 | _aС550.9я431 | |
| 686 | 1 | _aУ27(2)2я431 | |
| 702 | 1 |
_aАнтонова _bН. С. _cканд. социол. наук _gНадежда Сергеевна _3RU\NLR\AUTH\770194483 _4340 |
|
| 711 | 1 | 2 |
_a"Социальная безопасность и социальная защита населения в современных условиях", международная научно-практическая конференция _f2019 _eУлан-Удэ _3RU\NLR\AUTH\880508918 |
| 712 | 0 | 1 |
_aРеспублика Бурятия _bМинистерство социальной защиты населения _3RU\NLR\AUTH\880482160 _4570 |
| 712 | 0 | 2 |
_aМонгольский государственный университет _cУлан-Батор _3RU\NLR\AUTH\8810129742 _4570 |
| 942 | _cBOOK | ||
| 980 | _aNBR | ||
| 980 | _aNB | ||